Which countries and seas border Ukraine, name the countries and the se - Statistics

General Stats
  • This quiz has been taken 9 times
  • The average score is 8 of 9
Answer Stats
Hint Answer % Correct
Hungary
100%
Poland
100%
Romania
100%
Country Russia
100%
Slovakia
100%
Belarus
88%
Sea Black
88%
Moldova
88%
Azov
38%
No matching quizzes found
Score Distribution
Percent of People with Each Score
Percentile by Number Answered
Your Score History
You have not taken this quiz